[Event "ONJK 2017 B"]
[Site "Borne, Netherlands"]
[Date "2017.08.11"]
[Round "8.21"]
[White "Hofstra, Remmelt"]
[Black "Lindenaar, Katja"]
[Result "1-0"]
[WhiteElo "815"]
[BlackElo "855"]
[PlyCount "78"]
[EventDate "2017.08.??"]

1. e4 d5 2. e5 f6 3. Nf3 Nc6 4. Nc3 fxe5 5. Bb5 Qd6 6. Bxc6+ Qxc6 7. Nxe5 Qe6
8. Qe2 Qf6 9. Nxd5 Qd6 10. Nc3 Nf6 11. Nb5 Qc5 12. Qc4 Qxe5+ 13. Kf1 c6 14. f4
Qf5 15. Nc7+ Kd8 16. Nxa8 Be6 17. Qd4+ Bd7 18. Qxa7 Qxf4+ 19. Qf2 Qc4+ 20. d3
Qg4 21. Nb6 Bf5 22. Bf4 g5 23. Bg3 Bg7 24. Nc4 Be6 25. Ne5 Qb4 26. Qe1 Rf8 27.
Qxb4 Nd5+ 28. Ke2 Nxb4 29. Rhf1 Bf5 30. c3 Bxe5 31. Bxe5 Bg4+ 32. Kd2 Rg8 33.
Rf2 Nd5 34. Raf1 Kd7 35. Rf8 Rg6 36. Rb8 Re6 37. Rxb7+ Kc8 38. Rb8+ Kd7 39. Re1
c5 {... [59]} 1-0

[Event "ONJK 2017 B"]
[Site "Borne, Netherlands"]
[Date "2017.08.11"]
[Round "8.22"]
[White "Schalm, Jacob"]
[Black "Keetelaar, Denny"]
[Result "0-1"]
[WhiteElo "1018"]
[BlackElo "937"]
[PlyCount "54"]
[EventDate "2017.08.??"]

1. e4 e5 2. Nf3 Nc6 3. d4 exd4 4. Nxd4 Nf6 5. Nc3 Bb4 6. Qd3 d5 7. Nxc6 bxc6 8.
exd5 Qxd5 9. Bd2 Qe6+ 10. Qe2 O-O 11. Qxe6 Bxe6 12. Bd3 Nd5 13. a3 Bxc3 14.
bxc3 Rfe8 15. O-O c5 16. Rab1 c4 17. Be4 Rab8 18. f4 f5 19. Bf3 Bf7 20. h3 Ne3
21. Rfe1 Nxc2 22. Rxe8+ Rxe8 23. Rb7 Nxa3 24. Rxc7 h6 25. Rxa7 Nb1 26. Rxf7
Kxf7 27. Bc1 Re1+ 0-1

[Event "ONJK 2017 B"]
[Site "Borne, Netherlands"]
[Date "2017.08.11"]
[Round "8.23"]
[White "Hofstra, Tetske"]
[Black "Hungeling, Lisa"]
[Result "1/2-1/2"]
[WhiteElo "894"]
[BlackElo "770"]
[PlyCount "93"]
[EventDate "2017.08.??"]

1. e4 e6 2. Nf3 d5 3. e5 c5 4. c3 Nc6 5. Bb5 Bd7 6. d4 cxd4 7. cxd4 Bb4+ 8. Bd2
Bxd2+ 9. Qxd2 Nge7 10. O-O Nf5 11. Bxc6 Bxc6 12. Nc3 O-O 13. a4 Rc8 14. b4 a6
15. b5 Bd7 16. h3 Rc7 17. b6 Rc6 18. a5 Qc8 19. Rac1 Rc4 20. Ne2 Bb5 21. Nf4
Rxc1 22. Rxc1 Bc4 23. Qb4 Re8 24. Nd2 Qd7 25. Nxc4 dxc4 26. Rxc4 Rc8 27. Rxc8+
Qxc8 28. g4 Qc1+ 29. Kg2 Qxf4 30. gxf5 g6 31. f6 Qe4+ 32. Kg3 h5 33. Qc3 h4+
34. Kh2 Kh7 35. Qc7 Qf4+ 36. Kg2 Kh6 37. Qxf7 Qe4+ 38. Kh2 Qf4+ 39. Kg2 Qe4+
40. Kh2 Qf3 41. Qg7+ Kg5 42. Kg1 Qxh3 43. f7 (43. Qxb7 {1-0}) 43... Qg4+ 44.
Kf1 Qd1+ 45. Kg2 Qg4+ 46. Kh2 Qf4+ 47. Kg1 1/2-1/2

[Event "ONJK 2017 B"]
[Site "Borne, Netherlands"]
[Date "2017.08.12"]
[Round "9.1"]
[White "Van Randtwijk, Mick"]
[Black "Gijsen, William"]
[Result "1/2-1/2"]
[WhiteElo "1892"]
[BlackElo "1856"]
[PlyCount "71"]
[EventDate "2017.08.??"]

1. e4 e6 2. d4 d5 3. Nc3 Bb4 4. Bd3 Ne7 5. e5 c5 6. a3 cxd4 7. Bb5+ Bd7 8.
Bxd7+ Nxd7 9. Qxd4 Bc5 10. Qg4 Nxe5 11. Qa4+ N5c6 12. Nf3 Nf5 13. O-O O-O 14.
Bf4 a6 15. Ne2 Re8 16. c3 e5 17. Bg3 h5 18. h3 Qf6 19. Rad1 Rad8 20. Bh4 Nxh4
21. Qxh4 Qxh4 22. Nxh4 d4 23. cxd4 exd4 24. Nc1 Ne5 25. Nd3 Nd7 26. Nf5 Re2 27.
Ng3 Rc2 28. Nxh5 Bd6 29. Rc1 Rdc8 30. Ng3 Bxg3 31. fxg3 f6 32. Rxc2 Rxc2 33.
Rf2 Rc8 34. Rd2 Ne5 35. Nf4 Rd8 36. Ne6 1/2-1/2

[Event "ONJK 2017 B"]
[Site "Borne, Netherlands"]
[Date "2017.08.12"]
[Round "9.2"]
[White "Dai, Wenzhi"]
[Black "Salem Elier, Ali"]
[Result "1-0"]
[WhiteElo "1899"]
[BlackElo "1962"]
[PlyCount "91"]
[EventDate "2017.08.??"]

1. e4 e5 2. Nf3 Nc6 3. Bb5 f5 4. d3 Nf6 5. O-O fxe4 6. dxe4 d6 7. Nc3 Be7 8. h3
O-O 9. Bc4+ Kh8 10. Ng5 Qe8 11. Be6 Nd4 12. Bxc8 Rxc8 13. Ne2 Nxe2+ 14. Qxe2
Qh5 15. Qxh5 Nxh5 16. Nf3 Nf4 17. Bxf4 exf4 18. Rfe1 Rce8 19. Rad1 Bf6 20. c3
Re7 21. Rd5 Rfe8 22. Nd2 Kg8 23. f3 Re5 24. Kf1 Kf7 25. Nc4 Rxd5 26. exd5 Rxe1+
27. Kxe1 b5 28. Na5 b4 29. cxb4 Bxb2 30. Nc6 Kf6 31. Kd2 Kg5 32. Nxa7 Ba3 33.
Kc3 Kh4 34. Nb5 Kg3 35. Nxa3 Kxg2 36. Nc2 Kxf3 37. Nd4+ Ke4 38. a4 Kxd5 39. a5
c5 40. Nf3 Kc6 41. bxc5 Kxc5 42. a6 Kb6 43. Kd4 h6 44. Kd5 Kxa6 45. Kxd6 Kb5
46. Ke5 1-0

[Event "ONJK 2017 B"]
[Site "Borne, Netherlands"]
[Date "2017.08.12"]
[Round "9.3"]
[White "Merkon, Oseb"]
[Black "Noordenbos, Daan"]
[Result "1-0"]
[WhiteElo "1833"]
[BlackElo "1606"]
[PlyCount "99"]
[EventDate "2017.08.??"]

1. c4 e5 2. Nc3 Nc6 3. g3 g6 4. Bg2 Bg7 5. d3 Nge7 6. e4 O-O 7. Nge2 d6 8. O-O
Bd7 9. f4 exf4 10. Bxf4 Qc8 11. Qd2 Ne5 12. b3 Bh3 13. d4 Bxg2 14. Kxg2 N5c6
15. Bh6 Qd7 16. Bxg7 Kxg7 17. Nf4 Nd8 18. Ncd5 Nxd5 19. Nxd5 f6 20. e5 dxe5 21.
dxe5 f5 22. Qc3 Ne6 23. Rad1 Rad8 24. Rd3 Qc6 25. Rfd1 f4 26. g4 b6 27. b4 h5
28. gxh5 Rf5 29. Kf2 Rxh5 30. h3 Ng5 31. e6+ Kh6 32. e7 Ne4+ 33. Ke1 Re8 34.
Qd4 Qd6 35. c5 {Diagram #} Qe6 36. Nxc7 Qxe7 37. Nxe8 Nc3+ 38. Kd2 Ne4+ 39. Kc1
Qxe8 40. Re1 Re5 41. Qd8 Qe6 42. Qh8+ Kg5 43. Qd8+ Kh6 44. Qh8+ Kg5 45. Rg1+
Ng3 46. Rgxg3+ fxg3 47. Rxg3+ Kf5 48. Qf8+ Ke4 49. Qf3+ Kd4 50. Qd3# 1-0

[Event "ONJK 2017 B"]
[Site "Borne, Netherlands"]
[Date "2017.08.12"]
[Round "9.4"]
[White "Decruyenaere, Robbert"]
[Black "Warmerdam, Ivo"]
[Result "1-0"]
[WhiteElo "1818"]
[BlackElo "1537"]
[PlyCount "87"]
[EventDate "2017.08.??"]

1. e4 c5 2. Nf3 d6 3. d4 cxd4 4. Nxd4 Nf6 5. Nc3 a6 6. f3 e6 7. Be3 Be7 8. Qd2
b5 9. O-O-O Bb7 10. g4 O-O 11. h4 Nbd7 12. h5 b4 13. Nb1 d5 14. g5 Ne8 15. g6
Nef6 16. h6 fxg6 17. Nxe6 Qa5 18. Nxf8 Bxf8 19. hxg7 Bxg7 20. Bh3 Qxa2 21. Be6+
Kh8 22. Bd4 Nf8 23. Qxb4 Nxe6 24. Qxb7 Rf8 25. exd5 Nxd4 26. Rxd4 Nh5 27. Rd2
Bh6 28. d6 Bxd2+ 29. Nxd2 Qa1+ 30. Nb1 Qa5 31. Qe7 Rd8 32. Re1 Qb6 33. Qe5+ Ng7
34. Rd1 Re8 35. Qd4 Qd8 36. c4 Kg8 37. Qd5+ Kf8 38. Nc3 Nf5 39. Qc5 Qd7 40. Ne4
Kf7 41. Qc7 Qxc7 42. dxc7 Rc8 43. Rd7+ Ke8 44. Nf6+ 1-0

[Event "ONJK 2017 B"]
[Site "Borne, Netherlands"]
[Date "2017.08.12"]
[Round "9.5"]
[White "Resing, Marvin"]
[Black "Vitharana, Annelies"]
[Result "1/2-1/2"]
[WhiteElo "1534"]
[BlackElo "1789"]
[PlyCount "49"]
[EventDate "2017.08.??"]

1. e4 d5 2. exd5 Nf6 3. d4 Nxd5 4. Nf3 Bg4 5. Be2 Nc6 6. h3 Bxf3 7. Bxf3 e6 8.
O-O Be7 9. b3 O-O 10. c4 Nb6 11. Bb2 Bf6 12. Bxc6 bxc6 13. Qg4 c5 14. Rd1 Qe7
15. Nd2 Rfd8 16. Nf3 cxd4 17. Bxd4 c5 18. Bxf6 Qxf6 19. Qg5 Nd7 20. Kf1 a5 21.
Qxf6 Nxf6 22. Ne5 Kf8 23. Ke2 Ke8 24. Rxd8+ Rxd8 25. a3 1/2-1/2

[Event "ONJK 2017 B"]
[Site "Borne, Netherlands"]
[Date "2017.08.12"]
[Round "9.6"]
[White "Damen, Sven"]
[Black "De Vries, Tobias"]
[Result "0-1"]
[WhiteElo "1544"]
[BlackElo "1747"]
[PlyCount "62"]
[EventDate "2017.08.??"]

1. e4 c6 2. d3 d5 3. Nd2 e5 4. Ngf3 Bd6 5. g3 Nf6 6. Bg2 O-O 7. O-O Re8 8. Re1
Qc7 9. Nf1 d4 10. Bg5 Nbd7 11. c3 c5 12. Rc1 Qa5 13. a3 h6 14. Bd2 Qb6 15. Qc2
a5 16. a4 Nb8 17. cxd4 cxd4 18. Re2 Nc6 19. Be1 Be6 20. N1d2 Nb4 21. Qb1 Ba2
22. Nc4 Qa6 23. Qa1 Nxd3 24. Nxd6 Nxc1 25. Nxe8 Nxe2+ 26. Kh1 Rxe8 27. Qxa2 d3
28. Bf1 Qc6 29. Bxe2 dxe2 30. b3 Qxe4 31. Kg2 Ra8 0-1

[Event "ONJK 2017 B"]
[Site "Borne, Netherlands"]
[Date "2017.08.12"]
[Round "9.7"]
[White "Baselmans, Luuk"]
[Black "Vleming, Stefan"]
[Result "1-0"]
[WhiteElo "1947"]
[BlackElo "1652"]
[PlyCount "81"]
[EventDate "2017.08.??"]

1. e4 e6 2. d4 d5 3. Nd2 Nf6 4. e5 Nfd7 5. Bd3 c5 6. c3 Nc6 7. Ne2 g6 8. O-O
Bg7 9. f4 O-O 10. Nf3 f6 11. Qe1 Qe7 12. Qg3 b6 13. Be3 Bb7 14. Nh4 f5 15. Nf3
Rfe8 16. h4 Nf8 17. h5 gxh5 18. Kf2 Ng6 19. Rh1 h4 20. Nxh4 Nxh4 21. Rxh4 Kf7
22. Rxh7 Rg8 23. Rah1 Kf8 24. R1h5 Rd8 25. Rg5 Rd7 26. Qh3 cxd4 27. cxd4 Nb4
28. Bb5 Rc7 29. Rhxg7 Qxg7 30. Rxg7 Rcxg7 31. g3 a6 32. Qh4 Rf7 33. Qd8+ Kg7
34. Qd6 Nc2 35. Bd3 Nxe3 36. Kxe3 b5 37. Qxe6 Rh8 38. Qd6 Rh6 39. Qd8 Rh8 40.
Qg5+ Kf8 41. Bxf5 1-0

[Event "ONJK 2017 B"]
[Site "Borne, Netherlands"]
[Date "2017.08.12"]
[Round "9.8"]
[White "Schaefer, Daniel"]
[Black "Ghebreab, Elnathan"]
[Result "1-0"]
[WhiteElo "1792"]
[BlackElo "1837"]
[PlyCount "31"]
[EventDate "2017.08.??"]

1. d4 Nf6 2. c4 e5 3. dxe5 Ng4 4. Nf3 Nc6 5. Nc3 Ngxe5 6. e3 Bb4 7. Bd2 d6 8.
Be2 Bf5 9. O-O Bxc3 10. Bxc3 Qe7 11. b4 Rb8 12. Nd4 Be4 13. b5 Nxd4 14. exd4
Qg5 15. f3 Ng6 16. Bd2 1-0

[Event "ONJK 2017 B"]
[Site "Borne, Netherlands"]
[Date "2017.08.12"]
[Round "9.9"]
[White "Martinez, Anna"]
[Black "Nies, Levi"]
[Result "1-0"]
[WhiteElo "1837"]
[BlackElo "1351"]
[PlyCount "51"]
[EventDate "2017.08.??"]

1. d4 d5 2. Nf3 Nf6 3. c4 c6 4. e3 Bf5 5. Nc3 g6 6. Be2 Bg7 7. O-O O-O 8. cxd5
cxd5 9. Qb3 Qd7 10. Ne5 Qc7 11. Nxd5 Nxd5 12. Qxd5 e6 13. Qb5 a6 14. Qb3 Bxe5
15. dxe5 Nc6 16. f4 Rfd8 17. Qc3 Rac8 18. Qe1 Qe7 19. Bd2 Rd7 20. Bf3 Qd8 21.
Bc3 Rd3 22. e4 Qb6+ 23. Qf2 Rxf3 24. Qxb6 Rxf1+ 25. Rxf1 Bxe4 26. Qxb7 1-0

[Event "ONJK 2017 B"]
[Site "Borne, Netherlands"]
[Date "2017.08.12"]
[Round "9.10"]
[White "Kanbier, Guy"]
[Black "Schelleman, Iris"]
[Result "0-1"]
[WhiteElo "1487"]
[BlackElo "1730"]
[PlyCount "46"]
[EventDate "2017.08.??"]

1. d4 Nf6 2. Nc3 d5 3. Nf3 e6 4. e3 c5 5. Be2 Bd7 6. O-O Nc6 7. Bb5 Nb8 8.
Bxd7+ Nbxd7 9. Qe2 {=} Be7 10. Qb5 Qc7 11. Qe2 O-O 12. Bd2 a6 13. e4 Nb6 14. e5
Nfd7 15. dxc5 {=} Bxc5 16. a3 Nc4 17. Na4 Be7 18. Bc3 b5 19. b3 Nxa3 20. Nb2
Qxc3 21. Ra2 Qxc2 22. Qxc2 Nxc2 23. Nd3 Nb4 0-1

[Event "ONJK 2017 B"]
[Site "Borne, Netherlands"]
[Date "2017.08.12"]
[Round "9.11"]
[White "Van Dongen, Sam"]
[Black "Bruening, Silas"]
[Result "1/2-1/2"]
[WhiteElo "1856"]
[BlackElo "1142"]
[PlyCount "103"]
[EventDate "2017.08.??"]

1. d4 d5 2. Nc3 c6 3. Nf3 Nf6 4. Bg5 Nbd7 5. e3 e6 6. Bd3 Be7 7. O-O O-O 8.
Bxf6 Nxf6 9. e4 dxe4 10. Nxe4 Nxe4 11. Bxe4 Qc7 12. c3 Bf6 13. Bc2 Qf4 14. Re1
Rd8 15. Qd3 Qf5 16. Qxf5 exf5 17. Rad1 Be6 18. Bb3 Bxb3 19. axb3 Rd7 20. Re2
Kf8 21. Ne5 Re7 22. Rde1 g6 23. Kf1 Bxe5 24. Rxe5 Rae8 25. Rxe7 Rxe7 26. Rxe7
Kxe7 27. Ke2 Ke6 28. Ke3 g5 29. f4 f6 30. g3 g4 31. Kd3 Kd6 32. c4 c5 33. d5 a5
34. Kc2 b6 35. Kb1 b5 36. cxb5 Kxd5 37. Kc2 Kd6 38. Kd3 Kc7 39. Kc3 Kb6 40. Kc4
h6 41. Kd5 Kxb5 42. Kd6 Kb6 (42... Kb4 {0-1}) 43. Ke6 Kb5 44. Kxf6 Kb4 45. Kxf5
Kxb3 46. Kxg4 Kxb2 47. f5 c4 48. f6 c3 49. f7 c2 50. f8=Q c1=Q 51. Qb8+ Ka2 52.
Qg8+ 1/2-1/2

[Event "ONJK 2017 B"]
[Site "Borne, Netherlands"]
[Date "2017.08.12"]
[Round "9.12"]
[White "Eelsingh, Janko"]
[Black "Honkoop, Mark"]
[Result "0-1"]
[WhiteElo "1202"]
[BlackElo "1733"]
[PlyCount "104"]
[EventDate "2017.08.??"]

1. d4 d5 2. Bf4 Nf6 3. e3 Bf5 4. c4 c6 5. Nc3 e6 6. Qb3 Qc8 7. Nf3 h6 8. h3
Nbd7 9. Be2 Be7 10. Ne5 O-O 11. O-O Nxe5 12. dxe5 Nd7 13. cxd5 exd5 14. Rac1
Nc5 15. Qd1 Qe6 16. Qd4 Rfe8 17. Bh2 a6 18. b4 Nd7 19. f4 c5 20. Qxd5 cxb4 21.
Qxe6 Bxe6 22. Ne4 Rac8 23. Nd6 Bxd6 24. exd6 Nc5 25. Rfd1 Red8 26. Bc4 f5 27.
Bxe6+ Nxe6 28. Rxc8 Rxc8 29. g4 g6 30. gxf5 gxf5 31. Bg3 Rd8 32. Bh4 Rd7 33.
Be7 Kf7 34. Rd5 Ng7 35. Kf2 b6 36. Kf3 a5 37. e4 fxe4+ 38. Kxe4 a4 39. Ke5 b3
40. axb3 a3 41. Rd2 Ne6 42. Ra2 Ra7 43. f5 Nc5 44. b4 Nd3+ 45. Kd4 Nxb4 46.
Rxa3 Nc2+ 47. Kd5 Nxa3 48. Kc6 Rxe7 49. dxe7 Kxe7 50. Kxb6 Kf6 51. Kc5 Kxf5 52.
Kd5 h5 0-1

[Event "ONJK 2017 B"]
[Site "Borne, Netherlands"]
[Date "2017.08.12"]
[Round "9.13"]
[White "Verheyen, Olivier"]
[Black "Bilecen, Simon"]
[Result "1-0"]
[WhiteElo "1731"]
[BlackElo "1619"]
[PlyCount "61"]
[EventDate "2017.08.??"]

1. e4 c5 2. Nf3 Nc6 3. d4 cxd4 4. Nxd4 Qb6 5. Nb3 Nf6 6. Nc3 e6 7. Bg5 Bb4 8.
Bxf6 gxf6 9. Qd2 a5 10. a3 Be7 11. O-O-O Rg8 12. f4 a4 13. Nd4 Bc5 14. Nce2 d6
15. Qc3 e5 16. Nf5 Bxf5 17. exf5 O-O-O 18. Qc4 d5 19. Qxa4 exf4 20. Kb1 f3 21.
gxf3 Ne5 22. Nf4 d4 23. Nd3 Nxf3 24. Nxc5 Qxc5 25. Qc4 Qxc4 26. Bxc4 Rg2 27.
Bxf7 Nxh2 28. Rd3 Ng4 29. Rxh7 Ne3 30. Be6+ Kb8 31. Rb3 1-0

[Event "ONJK 2017 B"]
[Site "Borne, Netherlands"]
[Date "2017.08.12"]
[Round "9.14"]
[White "De Smedt, Lias"]
[Black "Butzen, Robin"]
[Result "0-1"]
[WhiteElo "1271"]
[BlackElo "1825"]
[PlyCount "54"]
[EventDate "2017.08.??"]

1. e4 c5 2. Nf3 g6 3. d4 cxd4 4. Nxd4 Bg7 5. Be3 Nc6 6. Nc3 Nf6 7. f3 O-O 8.
Qd2 d5 9. exd5 Nxd5 10. Nxc6 bxc6 11. Nxd5 cxd5 12. O-O-O Rb8 13. Bd4 e5 14.
Bc5 Bf5 15. Bxf8 Qxf8 16. Qxd5 e4 17. c3 Bh6+ 18. Kc2 e3+ 19. Bd3 e2 20. Rde1
Rd8 21. Qe5 Bxd3+ 22. Kb3 Rb8+ 23. Ka4 Bc2+ 24. b3 Qc8 25. Rxe2 Bf8 26. Qf6
Qc4+ 27. Ka5 Qb5# 0-1

[Event "ONJK 2017 B"]
[Site "Borne, Netherlands"]
[Date "2017.08.12"]
[Round "9.15"]
[White "Heij, Abedin"]
[Black "Thienpont, Xander"]
[Result "0-1"]
[WhiteElo "1594"]
[BlackElo "1443"]
[PlyCount "49"]
[EventDate "2017.08.??"]

1. d4 d5 2. c4 e6 3. Nc3 Nf6 4. Nf3 c6 5. e3 Bd6 6. Be2 Nbd7 7. O-O O-O 8. Bd2
dxc4 9. Bxc4 e5 10. dxe5 Nxe5 11. Nxe5 Bxe5 12. Qc2 Qc7 13. f4 Bd6 14. Bd3 Re8
15. Ne4 Nxe4 16. Bxe4 h6 17. Rf3 Qb6 18. Kh1 Bc5 19. Rg3 f5 20. Qc3 Re7 21. Bc2
Bd7 22. Qf6 Rae8 23. Qxh6 (23. Bc3 {1-0}) 23... Qxb2 24. Bb3+ Be6 25. Bxe6+ 0-1

[Event "ONJK 2017 B"]
[Site "Borne, Netherlands"]
[Date "2017.08.12"]
[Round "9.16"]
[White "Joosse, Xander"]
[Black "Segers, Job"]
[Result "0-1"]
[WhiteElo "1536"]
[BlackElo "1427"]
[PlyCount "50"]
[EventDate "2017.08.??"]

1. d4 d5 2. c4 e6 3. Nf3 Nf6 4. Bg5 Be7 5. Nc3 Nbd7 6. e3 b6 7. cxd5 exd5 8.
Bb5 Bb7 9. O-O O-O 10. Rc1 c5 11. Re1 a6 12. Bd3 c4 13. Bc2 b5 14. e4 dxe4 15.
Nxe4 Nxe4 16. Bxe7 Qxe7 17. Nd2 f5 18. f3 Ndf6 19. fxe4 fxe4 20. Re3 Rad8 21.
Nf3 Ng4 22. Re1 Rf4 23. h3 Qf6 24. Ne5 Nxe5 25. dxe5 Qb6+ 0-1

[Event "ONJK 2017 B"]
[Site "Borne, Netherlands"]
[Date "2017.08.12"]
[Round "9.17"]
[White "Kroon, Gerbrich"]
[Black "Zuurmond, Derek"]
[Result "1-0"]
[WhiteElo "1467"]
[BlackElo "1471"]
[PlyCount "57"]
[EventDate "2017.08.??"]

1. e4 c5 2. Nf3 Nc6 3. d3 d6 4. g3 Nf6 5. Bg2 Bd7 6. O-O Qc8 7. c3 Bh3 8. Nbd2
Bxg2 9. Kxg2 e5 10. Re1 Be7 11. Nh4 O-O 12. Nf5 Re8 13. Nc4 Qd7 14. Bg5 d5 15.
Nxe7+ Rxe7 16. Ne3 dxe4 17. dxe4 Qxd1 18. Raxd1 Rd8 19. Ng4 Re6 20. Bxf6 gxf6
21. Rd5 b6 22. Red1 Rxd5 23. exd5 Rd6 24. dxc6 Rxc6 25. Nh6+ Kf8 26. Nf5 Ke8
27. Kf3 a6 28. Kg4 Kf8 29. Rd8# 1-0

[Event "ONJK 2017 B"]
[Site "Borne, Netherlands"]
[Date "2017.08.12"]
[Round "9.18"]
[White "Hematyar, Fardin"]
[Black "Vermet, Thomas"]
[Result "1/2-1/2"]
[WhiteElo "1612"]
[BlackElo "1137"]
[PlyCount "45"]
[EventDate "2017.08.??"]

1. b4 e5 2. Bb2 d6 3. d4 exd4 4. Bxd4 Bf5 5. e3 d5 6. a3 Nf6 7. Bd3 Bxd3 8.
Qxd3 Nc6 9. Bb2 Bd6 10. Nf3 O-O 11. Ng5 Be5 12. Bxe5 Nxe5 13. Qf5 Re8 14. Nd2
Re7 15. h4 Qd7 16. Qf4 Rae8 17. h5 h6 18. Ngf3 Nxf3+ 19. gxf3 Re5 20. Rg1 Nxh5
21. Qd4 a6 22. f4 R5e6 23. O-O-O 1/2-1/2

[Event "ONJK 2017 B"]
[Site "Borne, Netherlands"]
[Date "2017.08.12"]
[Round "9.19"]
[White "Van Herreweghe, Jarno"]
[Black "Van Aken, Jelmer"]
[Result "0-1"]
[WhiteElo "1365"]
[BlackElo "1395"]
[PlyCount "44"]
[EventDate "2017.08.??"]

1. d4 Nf6 2. Bf4 e6 3. e3 b6 4. Bd3 Bb7 5. Nf3 Nc6 6. c3 Be7 7. h3 O-O 8. g4 d6
9. g5 Nd5 10. Qc2 Nxf4 11. exf4 Kh8 12. Nbd2 e5 13. fxe5 dxe5 14. d5 Qxd5 15.
Be4 Qd8 16. Bxh7 g6 17. Bxg6 fxg6 18. Qxg6 Qd6 19. Qh5+ Kg7 20. Ne4 Qg6 21. Qg4
Rf4 22. Qd7 Qxe4+ 0-1

[Event "ONJK 2017 B"]
[Site "Borne, Netherlands"]
[Date "2017.08.12"]
[Round "9.20"]
[White "Keetelaar, Denny"]
[Black "Hofstra, Remmelt"]
[Result "1/2-1/2"]
[WhiteElo "937"]
[BlackElo "815"]
[PlyCount "111"]
[EventDate "2017.08.??"]

1. e4 e5 2. Nf3 Nc6 3. d4 Nf6 4. Bg5 h6 5. Bh4 Be7 6. Nc3 d5 7. Bxf6 Bxf6 8.
dxe5 Nxe5 9. Nxe5 Bxe5 10. exd5 Qe7 11. Be2 O-O 12. O-O Qh4 13. g3 Qd4 14. Bf3
Bh3 15. Re1 Rfe8 16. Re4 Qxd1+ 17. Rxd1 Bd6 18. Rxe8+ Rxe8 19. Bg2 Bg4 20. Rd4
Re1+ 21. Bf1 Bh3 22. Rd1 Rxd1 23. Nxd1 Bf5 24. Ne3 Be4 25. c4 Kh7 26. Be2 Kg6
27. f3 Bf5 28. g4 Bb1 29. a3 c6 30. b4 c5 31. b5 h5 32. Kg2 a6 33. a4 hxg4 34.
fxg4 Kg5 35. Kf3 Bxh2 36. Bd1 g6 37. Bc2 Ba2 38. Be4 axb5 39. axb5 b6 40. Bd3
Kf6 41. d6 Bxd6 42. Nd5+ Ke5 43. Nxb6 Kd4 44. Ke2 Bc7 45. Nc8 Bxc4 46. Bxc4
Kxc4 47. b6 Bxb6 48. Nxb6+ Kd4 49. Kf3 g5 50. Kg3 Ke4 51. Nc4 Kd5 52. Nb6+ Ke6
53. Kf3 f5 54. Nc4 fxg4+ 55. Kxg4 Kf6 56. Nb6 1/2-1/2

[Event "ONJK 2017 B"]
[Site "Borne, Netherlands"]
[Date "2017.08.12"]
[Round "9.21"]
[White "Hofstra, Tetske"]
[Black "Meijer, Kim"]
[Result "1/2-1/2"]
[WhiteElo "894"]
[BlackElo "1106"]
[PlyCount "79"]
[EventDate "2017.08.??"]

1. e4 d5 2. Nc3 d4 3. Nce2 e5 4. d3 Be6 5. Ng3 Nc6 6. Nf3 Nf6 7. Be2 Be7 8. O-O
O-O 9. Ng5 Qd7 10. Nxe6 Qxe6 11. c4 a6 12. b3 b5 13. a4 Nb4 14. Nh5 c6 15. Ba3
Rfd8 16. Nxf6+ Qxf6 17. Qd2 Qd6 18. Rfc1 c5 19. h3 bxa4 20. bxa4 Rab8 21. Bxb4
Rxb4 22. a5 Rdb8 23. g3 h6 24. h4 g5 25. h5 g4 26. Qd1 Qf6 27. Qf1 Qe6 28. Rab1
f5 29. exf5 Qxf5 30. f3 Qxh5 31. fxg4 Qg5 32. Rxb4 cxb4 33. Rb1 Qe3+ 34. Qf2
Qxf2+ 35. Kxf2 b3 36. Kf3 Kf7 37. Ke4 Ke6 38. g5 hxg5 39. Bg4+ Kd6 40. Rb2
1/2-1/2

[Event "ONJK 2017 B"]
[Site "Borne, Netherlands"]
[Date "2017.08.12"]
[Round "9.22"]
[White "Tiemens, Tygo"]
[Black "Schalm, Jacob"]
[Result "1/2-1/2"]
[WhiteElo "1015"]
[BlackElo "1018"]
[PlyCount "120"]
[EventDate "2017.08.??"]

1. e4 e5 2. Nf3 Nc6 3. Nc3 Nf6 4. Bc4 Bc5 5. O-O O-O 6. d3 h6 7. Nd5 d6 8. c3
Na5 9. b4 Nxc4 10. bxc5 Na5 11. d4 exd4 12. cxd4 dxc5 13. dxc5 Nxe4 14. Qd4 Re8
15. Re1 Nc6 16. Qd3 Nxc5 17. Rxe8+ Qxe8 18. Nxc7 Nxd3 19. Nxe8 Nxc1 20. Rxc1
Bf5 21. Nd6 Bc8 22. Ne5 Nxe5 23. Rxc8+ Rxc8 24. Nxc8 a5 25. Nd6 b6 26. f4 Nd3
27. g3 g5 28. fxg5 hxg5 29. h3 Kg7 30. Kg2 Kg6 31. Kf3 Nb4 32. a3 Nc2 33. a4
Ne1+ 34. Ke2 Nc2 35. Kd3 Nb4+ 36. Ke4 Na2 37. Kd4 Kf6 38. Nc4 Kf5 39. Nxb6 g4
40. h4 Nc1 41. Ke3 Nb3 42. Kd3 Nc5+ 43. Kc4 Ne4 44. Kb5 Nxg3 45. Nc4 Ne4 46.
Ne3+ Kf4 47. Nd5+ Kf3 48. h5 Ng5 49. Ne7 g3 (49... Ke4 {0-1}) 50. Nf5 Kg4 51.
Nxg3 Kxg3 52. Kxa5 f5 53. Kb6 f4 54. a5 f3 55. a6 f2 56. a7 f1=Q 57. a8=Q Qb1+
58. Kc7 Qh7+ 59. Kd6 Nf7+ 60. Ke7 Qxh5 1/2-1/2

[Event "ONJK 2017 B"]
[Site "Borne, Netherlands"]
[Date "2017.08.12"]
[Round "9.23"]
[White "Hungeling, Lisa"]
[Black "Lindenaar, Katja"]
[Result "0-1"]
[WhiteElo "770"]
[BlackElo "855"]
[PlyCount "100"]
[EventDate "2017.08.??"]

1. e4 d5 2. d3 Nc6 3. Nc3 Nf6 4. Nf3 e5 5. Be2 Bd6 6. exd5 Ne7 7. Ng5 Rg8 8.
Nge4 Nexd5 9. Nxd5 Nxd5 10. Nxd6+ Qxd6 11. Bf3 Nf6 12. O-O h5 13. Re1 Bg4 14.
Bd2 O-O-O 15. Qe2 Rde8 16. c3 e4 17. dxe4 Rxe4 18. Be3 Bxf3 19. Qxf3 Ng4 20.
Qf5+ Re6 21. Bf4 Qe7 22. Rad1 g6 23. Rxe6 fxe6 24. Qd3 Rd8 25. Qf3 Rxd1+ 26.
Qxd1 g5 27. Bc1 Qh7 28. h3 Ne5 29. Bxg5 Nf7 30. Be3 b6 31. b4 Ne5 32. g3 Qe4
33. Qxh5 Nf3+ 34. Kf1 Nh2+ 35. Ke2 Qc4+ 36. Kd2 Qxa2+ 37. Kd3 Qb1+ 38. Kc4 Qa2+
39. Kd3 Qb1+ 40. Kc4 Qf1+ 41. Kd4 e5+ 42. Ke4 Qc4+ 43. Kf5 Qd3+ 44. Ke6 Qd7+
45. Kf6 Qd8+ 46. Kxe5 Qd6+ 47. Kf5 Qd5+ 48. Kf6 (48. Kg6 {1-0}) 48... Qxh5 49.
f4 Qxh3 50. f5 Ng4+ 0-1